000 01182nam2a22003011 4500
001 RU\NLR\INFOCOMM55\1000049612
005 20250806205410.0
035 _a(NLR Aleph) 002541727
090 _a59286
_c59286
100 _a20040518d1945 u y0rusy50 ca
101 0 _arus
102 _aRU
105 _ay |||||||||
200 1 _aСмена покровов и ее связь с размножением у птиц
_fВ.Ф. Ларионов
210 _d1945
225 1 _a...
_vВып.88
_i...
_vНенум. вып.[12]
461 0 _1001RU\NLR\INFOCOMM55\1000049425
_12001#$aУченые записки$fМоск. ордена Ленина гос. ун-т им. М.В. Ломоносова$vВып.88
462 0 _1001RU\NLR\INFOCOMM55\1000049600
_12001#$aУченые записки$iБиология$fМГУ им. М.В. Ломоносова$vНенум. вып.[12]
700 1 _aЛарионов
_bВ.Ф.
_4070
801 1 _aRU
_bInfoComm
_c20040518
801 0 _aRU
_bNLR
_gPSBO
852 _aNLR
_jП1/158
942 _cISSUE
945 _aРоссийская национальная библиотека
980 _aNB
980 _aBV
980 _aRUSPER